The psychology of leisure travel : effective marketing and selling of travel services /

Bibliographic Details
Main Author: Mayo, Edward J.
Other Authors: Jarvis, Lance P., 1943-
Format: Book
Language:English
Published: Boston, Mass. : CBI Pub. Co., [1981]
Subjects:

MARC

Tag First Indicator Second Indicator Subfields
LEADER 00000pam a2200000 a 4500
001 in00000090360
005 20151008063646.0
008 810527s1981 maua b 00110 eng
010 |a  81010014  
020 |a 0843622040 :  |c $19.95 
035 |a (OCoLC)07577993 
035 |9 AAK2682AM 
039 0 |a 2  |b 3  |c 3  |d 3  |e 3 
040 |a DLC  |c DLC  |d TXA  |d UtOrBLW 
049 |a TXAM  |c [1361618] 
050 0 0 |a G151  |b .M38 
082 0 |a 910/.01/9  |2 19 
100 1 |a Mayo, Edward J. 
245 1 4 |a The psychology of leisure travel :  |b effective marketing and selling of travel services /  |c Edward J. Mayo, Jr., Lance P. Jarvis. 
264 1 |a Boston, Mass. :  |b CBI Pub. Co.,  |c [1981] 
264 4 |c ©1981 
300 |a xxi, 281 pages :  |b illustrations ;  |c 24 cm. 
336 |a text  |b txt  |2 rdacontent 
337 |a unmediated  |b n  |2 rdamedia 
338 |a volume  |b nc  |2 rdacarrier 
504 |a Includes bibliographical references and index. 
650 0 |a Travel  |x Psychological aspects. 
650 0 |a Travelers  |x Psychology. 
700 1 |a Jarvis, Lance P.,  |d 1943- 
999 |a MARS 
999 f f |s 16a4ab86-a66c-3034-80c3-d2e23f784921  |i 42bf1414-ea81-3ad5-b54e-c7c3162ced8c  |t 0 
952 f f |p normal  |a Texas A&M University  |b College Station  |c Sterling C. Evans Library  |d Evans: Library Stacks  |t 0  |e G151 .M38  |h Library of Congress classification  |i unmediated -- volume  |m A14806495878 
998 f f |a G151 .M38  |t 0  |l Evans: Library Stacks